000 00657nam a2200241Ia 4500
003 OSt
005 20220918201240.0
006 a|||||r|||| 00| 0
007 ta
008 220917b |||||||| |||| 00| 0 eng d
024 _a92,629
037 _cTextual
040 _aARTS
_cARTS
_beng
041 _2eng
_aeng
082 _aV1:19(YZ).N, M5
100 _aEvans Peter B. Ed
_997690
245 0 _aBringing the state back in cambridge
260 _aCambridge
_bCambridge University Press
_c1985
300 _ax, 390p.
_ccm.
650 _aHISTORY
942 _hV1:19(YZ).N, M5
_cTEXL
_2CC
999 _c216280
_d216280